Sportifs Canadiens - Mort Subite - Statistiques

Statistiques générales
  • Ce quiz a été pris 90 fois
  • Le résultat moyen est 5 sur 24
Answers on the Grid
Answers color-coded by a green-red scale on the quiz's grid according to % correct below.
Jacques Villeneuve
Devlin DeFrancesco
James Hinchcliffe
Brian McKeever
Bruno Spengler
Gilles Villeneuve
Lance Stroll
Nicholas Latifi
Adam Copeland
Scott Gow
Alex Harvey
Yuri Kisil
Michael Edgson
Yannick Lupien
Cameron Henning
Joshua Liendo
Doug Barkley
Rick Adduono
Éliot Grondin
Félix Auger-Aliassime
Sébastien Toutant
Horace Gwynne
Frenchy Belanger
Moe Herscovitch
Léon Marchand
Bobby Labonte
Luke Littler
Frank Lampard
Randal Orton
Mark William Calaway
Hubert Dupont
Pierre Garand
Frankie Muniz
Fabien Lamirault
Aubrey Drake Graham
Scott Abbott
 
Statistiques - réponses
Réponse % Correct
Jacques Villeneuve
70%
Félix Auger-Aliassime
68%
Gilles Villeneuve
66%
Lance Stroll
66%
Nicholas Latifi
43%
Éliot Grondin
25%
Alex Harvey
23%
Sébastien Toutant
20%
Adam Copeland
9%
Scott Gow
9%
Brian McKeever
7%
Devlin DeFrancesco
7%
Horace Gwynne
7%
James Hinchcliffe
7%
Joshua Liendo
7%
Yannick Lupien
7%
Frenchy Belanger
5%
Michael Edgson
5%
Moe Herscovitch
5%
Yuri Kisil
5%
Bruno Spengler
2%
Cameron Henning
2%
Doug Barkley
2%
Rick Adduono
0%
Aucun quiz correspondant
Distribution des résultats
% des personnes avec chaque résultat
Percentile par nombre de réponses
Votre historique - résultats
Vous n’avez pas pris ce quiz